LEADER 02788nam 2200505 450 001 9910786633203321 005 20230120014502.0 010 $a1-4831-8108-1 035 $a(CKB)3710000000199517 035 $a(EBL)1879731 035 $a(SSID)ssj0001431739 035 $a(PQKBManifestationID)11927736 035 $a(PQKBTitleCode)TC0001431739 035 $a(PQKBWorkID)11387583 035 $a(PQKB)11275507 035 $a(MiAaPQ)EBC1879731 035 $a(EXLCZ)993710000000199517 100 $a20150106h19651965 uy 0 101 0 $aeng 181 $ctxt 182 $cc 183 $acr 200 10$a24 worked engineering drawing examples$hVolume one /$fby A. J. Jones and N. Barlow 210 1$aOxford, [England] :$cPergamon Press,$d1965. 210 4$dİ1965 215 $a1 online resource (53 p.) 300 $aDescription based upon print version of record. 311 1 $a1-322-46746-3 311 1 $a0-08-012080-6 327 $aFront Cover; 24 Worked Engineering Drawing Examples; FOREWORD; PROBLEM NO. 1; SOLUTION NO. 1; PROBLEM NO. 2; SOLUTION NO. 2; PROBLEM NO. 3; SOLUTION NO. 3; PROBLEM NO. 4; SOLUTION NO. 4; PROBLEM NO. 5; SOLUTION NO. 5; PROBLEM NO. 6; SOLUTION NO. 6; PROBLEM NO. 7; SOLUTION NO. 7; PROBLEM NO. 8; SOLUTION NO. 8; PROBLEM NO. 9; SOLUTION NO. 9; PROBLEM NO. 10; SOLUTION NO. 10; PROBLEM NO. 11; SOLUTION NO. 11; PROBLEM NO. 12; SOLUTION NO. 12; PROBLEM NO. 13; SOLUTION NO. 13; PROBLEM NO. 14; SOLUTION NO. 14; PROBLEM NO. 15; SOLUTION NO. 15; PROBLEM NO. 16; SOLUTION NO. 16; PROBLEM NO. 17 327 $aSOLUTION NO. 17PROBLEM NO. 18; SOLUTION NO. 18; PROBLEM NO. 19; SOLUTION NO. 19; PROBLEM NO. 20; SOLUTION NO. 20; PROBLEM NO. 21; SOLUTION NO. 21; PROBLEM NO. 22; SOLUTION NO. 22; PROBLEM HO. 23; SOLUTION NO. 23; PROBLEM NO. 24; SOLUTION NO. 24 330 $aTwenty-Four Worked Engineering Drawing Examples, Volume One presents 24 drawing examples that the author has compiled and given to part-time students of Engineering Drawing. Each drawing embodies a problem to be solved, which is accompanied by a solution. Every solution is carefully presented to assist engineering students in understanding and learning how to solve mathematical and theoretical problems commonly faced by engineers. This compilation will be invaluable to teachers and students of Engineering Drawing and related courses. 517 1 $aTwenty four worked engineering drawing examples 606 $aEngineering drawings 615 0$aEngineering drawings. 676 $a604.2 700 $aJones$b A. J.$0613829 702 $aBarlow$b N. 801 0$bMiAaPQ 801 1$bMiAaPQ 801 2$bMiAaPQ 906 $aBOOK 912 $a9910786633203321 996 $a24 worked engineering drawing examples$93818192 997 $aUNINA LEADER 00837nam a2200205 i 4500 001 991004346015807536 005 20241030102817.0 008 241030s1984 it er2 000 0 ita d 040 $aBibl. Dip.le Aggr. Scienze Umane e Sociali$bita$cSocioculturale Scs 041 0 $aita 082 04$a973.2$223 100 1 $aIurlano, Giuliana$0538827 245 10$aAlle origini dell'anarchismo americano :$bdall'eresia religiosa all'eresia politica nell'America puritana del XVII secolo /$cGiuliana Jurlano 260 $a[S.l.] :$bCongedo,$c1984 300 $a447-477 p. ;$c24 cm 500 $aEstratto dal volume: Annali del Dipartimento di Scienza storiche e sociali, anno II (1983) 650 4$aAnarchia$zstati Uniti d'America$ySec. 17. 912 $a991004346015807536 996 $aAlle origini dell'anarchismo americano$94210566 997 $aUNISALENTO